01369nam a2200301 a 4500001001300000003000900013005001700022008004100039020001000080082001700090100001400107245008100121260005800202300000900260500003500269505001900304505025600323650002000579650002100599650002200620700001400642902000800656942000700664952012700671952012700798952012700925999001501052nice12345678IN_TiNIC20260116013031.0050524s1988 newa grp 000 0 eng  ac90000a954.035bAZI aAziz, K K aHistory of Partition of Indiab Origin and Development of the Idea of Pakist aNew DelhibAtlantic Publishers and Distributorsc1988 a300p aincludes index and biblioraphy2 abiblio., index2 abiblio., index00gV1.tHistory of Partition of India: Origin and Development of the Idea of Pakist.--gV2.tHistory of Partition of India: Origin and Development of the Idea of Pakist.--gV3.tHistory of Partition of India: Origin and Development of t aIndia-Partition aPakistan-History aCommunalism-India1 aAziz, K K bSRS cBK 001040708REFaHMIbHMIcREFd2019-07-16g900.00l2m2o954.035 AZI V.1p014486r2022-04-25s2020-02-20w2026-01-16yBK 001040708REFaHMIbHMIcREFd2019-07-16g900.00l2m2o954.035 AZI V.2p014487r2022-04-25s2020-02-20w2026-01-16yBK 001040708REFaHMIbHMIcREFd0000-00-00g900.00l1o954.035 AZI V. 3-4p014488r2019-07-16s2019-07-05w2026-01-16yBK c9361d9361